000 00473nam a2200157Ia 4500
005 20250407100807.0
008 231217s9999 xx 000 0 und d
020 _a9788131414545
082 _a658.514 KAL;2 R1
100 _aKalai Selvan, N ed.
245 0 _aIcfai university press on dell business strategy : growth and success
260 _c2008
_bICFAI
_aHyderabad
300 _aix+283
650 _aIcfai,press,dell,business,strategy,growth,success
942 _cAA
999 _c191908
_d191908